Promoción industrial (Record no. 3523)

MARC details
000 -LEADER
campo de control de longitud fija 00688nmc a2200253 a 4500
003 - IDENTIFICADOR DE NÚMERO DE CONTROL
campo de control AR-BaBNM
005 - FECHA Y HORA DE LA ÚLTIMA TRANSACCIÓN
campo de control 20251128203452.0
008 - DATOS DE LONGITUD FIJA--INFORMACIÓN GENERAL
campo de control de longitud fija 080020s1989 ||||||||||||||000 | spa||
020 ## - NÚMERO INTERNACIONAL ESTÁNDAR DEL LIBRO
Número Internacional Estándar del Libro 950-9109-96-7
040 ## - FUENTE DE CATALOGACIÓN
Centro/agencia transcriptor AR-BaBNM
245 10 - MENCIÓN DEL TÍTULO
Título Promoción industrial
260 ## - PUBLICACIÓN, DISTRIBUCIÓN, ETC.
Lugar de publicación, distribución, etc. Buenos Aires
Nombre del editor, distribuidor, etc. Tesis
Fecha de publicación, distribución, etc. 1989
300 ## - DESCRIPCIÓN FÍSICA
Extensión 209 p.
Otros detalles físicos tablas
490 #0 - MENCIÓN DE SERIE
Mención de serie Fundación Bolsa de Comercio
500 ## - NOTA GENERAL
Nota general Contiene referencias bibliográficas
700 1# - ENTRADA AGREGADA--NOMBRE PERSONAL
Nombre de persona Bruno, Norberto
700 1# - ENTRADA AGREGADA--NOMBRE PERSONAL
Nombre de persona Nudelman Bass, Miguel Angel
700 1# - ENTRADA AGREGADA--NOMBRE PERSONAL
Nombre de persona Mayol, Carlos F.M.
700 1# - ENTRADA AGREGADA--NOMBRE PERSONAL
Nombre de persona Blanco, Eduardo H.
700 1# - ENTRADA AGREGADA--NOMBRE PERSONAL
Nombre de persona Corbi de Cañellas, Ana María
700 1# - ENTRADA AGREGADA--NOMBRE PERSONAL
Nombre de persona Avalle, Néstor
942 ## - ELEMENTOS DE ENTRADA SECUNDARIOS (KOHA)
Tipo de ítem Koha Libros
998 ## - INFORMACIÓN DE CONTROL LOCAL (RLIN)
Iniciales del catalogador, CIN (RLIN) Mariana
Holdings
Estatus retirado Estado de pérdida Fuente de la clasificación o esquema de estantería Estado de daño Restricciones de uso No para préstamo Biblioteca de origen Biblioteca actual Fecha de adquisición Total de préstamos Signatura topográfica completa Código de barras Visto por última vez Precio de reemplazo Tipo de ítem Koha
    Clasificación Decimal Dewey   Acceso restringido No para préstamo Liberty Liberty 28/11/2025   330[82] BRU 055521 28/11/2025 28/11/2025 Libros